<?xml version="1.0" encoding="UTF-8"?>
<collection xmlns="http://www.loc.gov/MARC21/slim">
 <record>
  <leader>     na                 </leader>
  <controlfield tag="001">INLIS000000000021057</controlfield>
  <controlfield tag="005">20230515113736</controlfield>
  <controlfield tag="007">ta</controlfield>
  <controlfield tag="008">230515                g          0 ind  </controlfield>
  <datafield tag="020" ind1=" " ind2=" ">
   <subfield code="a">978-602-8610-19-3</subfield>
  </datafield>
  <datafield tag="035" ind1=" " ind2=" ">
   <subfield code="a">0010-0523000396</subfield>
  </datafield>
  <datafield tag="082" ind1=" " ind2=" ">
   <subfield code="a">320.014</subfield>
  </datafield>
  <datafield tag="084" ind1=" " ind2=" ">
   <subfield code="a">320.014 RON k</subfield>
  </datafield>
  <datafield tag="100" ind1="0" ind2=" ">
   <subfield code="a">Roni Tabroni</subfield>
   <subfield code="e">Pengarang</subfield>
  </datafield>
  <datafield tag="245" ind1="1" ind2=" ">
   <subfield code="a">Komunikasi Politik M. Natsir</subfield>
  </datafield>
  <datafield tag="250" ind1=" " ind2=" ">
   <subfield code="a">Cetakan 1</subfield>
  </datafield>
  <datafield tag="264" ind1=" " ind2=" ">
   <subfield code="a">Yogyakarta :</subfield>
   <subfield code="b">Suluh Media,</subfield>
   <subfield code="c">2017</subfield>
  </datafield>
  <datafield tag="300" ind1=" " ind2=" ">
   <subfield code="a">xviii + 173 halaman ;</subfield>
   <subfield code="c">24 cm</subfield>
  </datafield>
  <datafield tag="336" ind1=" " ind2=" ">
   <subfield code="2">rdacontent</subfield>
   <subfield code="a">Teks</subfield>
  </datafield>
  <datafield tag="337" ind1=" " ind2=" ">
   <subfield code="2">rdamedia</subfield>
   <subfield code="a">Tanpa Perantara</subfield>
  </datafield>
  <datafield tag="338" ind1=" " ind2=" ">
   <subfield code="2">rdacarrier</subfield>
   <subfield code="a">Lembar</subfield>
  </datafield>
  <datafield tag="504" ind1=" " ind2=" ">
   <subfield code="a">169-173 halaman</subfield>
  </datafield>
  <datafield tag="520" ind1=" " ind2=" ">
   <subfield code="a">Sosok M. Natsir terbilang langka. Selain ulama dan sekaligus aktivis Ormas Islam. M. Natsir juga merupakan tokoh politik penting. Beliau diberi kesempatan oleh sejarah untuk mempraktikkan formula demokrasinya dalam membawa umat tampil menjadi warga negara. Sosok M. Natsir tidak menggebu-gebu, ia menarik karena santun, bersih, bersahaja, konsisten, komitmen, toleran, tapi teguh memegang pendirian. Satu teladan yang langka. Di balik itu, ada kegigihan dalam mempertahankan sikap, ada keteladanan yang sampai kini membuat kita sadar bahwa bertahan dengan sikap yang bersih, konsisten, dan bersahaja itu bukan mustahil meskipun penuh tantangan. Walaupun tidak lahir dari keluarga terpandang, M. Natsir merupakan sosok penting di negeri ini. Orang tuanya merupakan pegawai yang pendapatanya kecil. Meskipun demikian, Natsir tidak merasa minder bahkan di sekolahnyapun Natsir tergolong anak yang cerdas, Dalam usia yang relatif muda Natsir sudah menguasai banyak bahasa: bahasa Belanda, Inggris, Perancis, Latin dan bahasa Arab. Dalam perspektif komunikasi politik, M. Natsir semakin menarik atas kemampuannya dalam meyakinkan anggota MPRS dan bangsa ini ketika berpidato tentang &quot;Mosi Integral&quot;. Gagasan tersebut yang kembali menyatukan negara Indonesia dari ancaman disintegrasi. M. Natsir dengan kemampuan komunikasinya telah menyelamatkan Negara Indonesia. Atas jasanya, akhirnya kini kita pun mengenal NKRI harga mati.</subfield>
  </datafield>
  <datafield tag="650" ind1=" " ind2="4">
   <subfield code="a">Komunikasi Politik</subfield>
  </datafield>
  <datafield tag="700" ind1="0" ind2=" ">
   <subfield code="a">Nurdin Qusyaeri</subfield>
   <subfield code="e">Pengarang</subfield>
  </datafield>
  <datafield tag="990" ind1=" " ind2=" ">
   <subfield code="a">074576</subfield>
  </datafield>
  <datafield tag="990" ind1=" " ind2=" ">
   <subfield code="a">074577</subfield>
  </datafield>
  <datafield tag="990" ind1=" " ind2=" ">
   <subfield code="a">074578</subfield>
  </datafield>
 </record>
</collection>
